000 00873nam a2200325 i 4500
001 99946
003 ES-MaBCM
005 20250104072527.0
008 041114s1995 gbr 000 0 eng d
020 _a0-333-59759-1
021 _axx
035 _a(OCoLC)1085822663
040 _cES-MaBCM
041 0 _aeng
043 _agbr
100 1 _aElgie, Robert
_914003
245 1 0 _aPolitical leadership in liberal democracies
_cRobert Elgie
260 _aLondon :
_bMacmillan,
_c1995
300 _a231 p.
_c22 cm
440 0 _aComparative Government & politics
_9103558
650 2 7 _aPresidente de la República
_959874
650 2 7 _aPolítico
_959847
651 2 4 _aAlemania
_9115381
651 0 _aGran Bretaña
_9124676
651 2 4 _aItalia
_9115380
651 4 _aFrancia
_9115364
651 2 4 _aJapón
_9115577
650 7 _aLiderazgo
_959272
942 _cBK
999 _c99946
_d99946